00561nam a2200169Ia 450000500170000000800410001708200170005810000180007524500620009326000590015530000190021465000150023365000250024894200060027395200990027999900130037820240717053405.0240331s9999 xx 000 0 und d a200.042bSAD aSadhwani, S.L 0aPsychological aspects of women's relationship to religion aColombobInternational center for ethnic studiesc1991 a61 p ., ( V 4) aPsychology aWoman's Relationship cL 001040708LaWERCLbWERCLcSSCd2024-03-31l0o 200.042 SADp2573r2024-03-31w2024-03-31yL c790d790